Determination of the direction of Qibla and the Islamic timings. (Record no. 542320)

000 -LEADER
fixed length control field 00500nam a2200157 4500
082 00 - DEWEY DECIMAL CLASSIFICATION NUMBER
Classification number 297.52
Author Mark BAG
100 1# - MAIN ENTRY--PERSONAL NAME
Personal name Bagvi, Malik Bashir Ahmad.
9 (RLIN) 37456
245 10 - TITLE STATEMENT
Title Determination of the direction of Qibla and the Islamic timings.
250 ## - EDITION STATEMENT
Edition statement 1st ed.
260 ## - PUBLICATION, DISTRIBUTION, ETC.
Place of publication, distribution, etc. Dacca,
Name of publisher, distributor, etc. Printed at Pak-Arts;
Place of publication, distribution, etc. available from Anjuman Khuddamud-Din, Lahore,
Date of publication, distribution, etc. 1970.
300 ## - PHYSICAL DESCRIPTION
Extent 56 p.
Dimensions 22 cm.
500 ## - GENERAL NOTE
General note English or Urdu.
526 ## - STUDY PROGRAM INFORMATION NOTE
Program name 0
Interest level 0
Reading level 0
Title point value 297_520000000000000_BAG
650 ## - SUBJECT ADDED ENTRY--TOPICAL TERM
Topical term or geographic name entry element MCE
9 (RLIN) 379
942 ## - ADDED ENTRY ELEMENTS (KOHA)
Source of classification or shelving scheme
Koha item type Book
Holdings
Withdrawn status Lost status Source of classification or shelving scheme Damaged status Not for loan Permanent Location Current Location Date acquired Total Checkouts Full call number Barcode Date last seen Price effective from Koha item type
          Military College of Engineering (MCE) Military College of Engineering (MCE) 10/02/2013   297.52 BAG MCE-41188 10/02/2013 10/02/2013 Book
© 2023 Central Library, National University of Sciences and Technology. All Rights Reserved.